Statistiques concernant L'intégral des dessins animés de Cartoon Network

Cliquez ici pour prendre le quiz!

Statistiques générales

  • Ce quiz a été pris 70 fois
  • Le résultat moyen est 11 sur 64

Statistiques - réponses

Première LettreRéponse% Correct
MLe Monde Incroyable De Gumball
93%
AAdventure Time
81%
BBen 10
63%
BBen 10: Alien Force
63%
BBen 10: Omniverse
63%
BBen 10: Ultimate Alien
63%
RRegular Show
61%
TTeen Titans Go!
58%
TTeen Titans
56%
LLe Laboratoire De Dexter
46%
SSteven Universe
44%
SSteven Universe Future
44%
SLes Supers Nanas
37%
CClarence
30%
SLes Supers Nanas Zeta
30%
CCraig de la crique
26%
OOncle Grandpa
26%
CCourage, Le Chien Froussard
25%
WWe Bare Bears
25%
JJohnny Test
19%
JJohnny Bravo
16%
PPomme Et Oignon
14%
OOK KO!
12%
BBilly Et Mandy, Aventuriers De L'au-Delà
11%
MLes Merveilleuses Mésaventures De Flapjack
11%
CCamp Lazlo
9%
CCléo Et Chico
9%
EEd, Edd Et Eddy
9%
FFoster, La Maison Des Amis Imaginaires
9%
WWe Baby Bears
9%
CChowder
7%
CLa Colo Magique
7%
MMonsieur Belette
7%
RRobotboy
7%
SSamouraï Jack
7%
UUnikitty!
7%
FLa Forêt De l'Étrange
5%
DDéfis Extrêmes
4%
GGenerator Rex
4%
IInfinity Train
4%
MMao Mao : Héros Au Cœur Pur
4%
TThunderCats Rrrr
4%
CClasse 3000
2%
CClose Enough
2%
HHi Hi Puffy AmiYumi
2%
JJuniper Lee
2%
MMon Copain De Classe Est Un Singe
2%
NNom De Code : Kids Next Door
2%
TTime Squad, La Patrouille Du Temps
2%
UUn Écureuil Chez Moi
2%
VVictor Et Valentino
2%
AAllô La Terre, Ici Les Martin
0%
CChop Socky Chooks
0%
EElliott Le Terrien
0%
JJimmy Délire
0%
ELes Épées Méga-Magiques
0%
FLes Fungies
0%
JLes Jumeaux Barjos
0%
MMegas XLR
0%
MMoumoute, Un Mouton Dans La Ville
0%
RRoyal !
0%
SStar Wars: Clone Wars
0%
SSym-Bionic Titan
0%
VVil Con Carne
0%

Distribution des résultats

Percentile par nombre de réponses

% des personnes avec chaque résultat

Votre développement - résultats

Vous n’avez pas pris ce quiz